Implementation Of The Multilateral System Of The Treaty In India: (Record no. 195284)

MARC details
000 -LEADER
fixed length control field 00713nam a22001817a 4500
005 - DATE AND TIME OF LATEST TRANSACTION
control field 20230403143325.0
010 ## - LCCN (DPL NO)
LC control number ENG-136439
020 ## - INTERNATIONAL STANDARD BOOK NUMBER
International Standard Book Number 9788194058939
Terms of availability 700.00
035 ## - SYSTEM CONTROL NUMBER
System control number EN-119971
037 ## - SOURCE OF ACQUISITION
Source of stock number/acquisition DBAD/PUB
082 ## - DEWEY DECIMAL CLASSIFICATION NUMBER
Classification number 570
100 ## - MAIN ENTRY--PERSONAL NAME
Personal name Nair, Prabha
245 ## - TITLE STATEMENT
Title Implementation Of The Multilateral System Of The Treaty In India:
Statement of responsibility, etc By Prabha S Nair
Remainder of title Exploring Linkages With Biological Diversity Act 2002 /
260 ## - PUBLICATION, DISTRIBUTION, ETC. (IMPRINT)
Name of publisher, distributor, etc Centre For Biodiversity Policy And Law (CEBPOL)
Place of publication, distribution, etc Chennai
270 ## - ADDRESS
Address National Biodiversity Authority 5th Floor,TICEL,Biopark,CSIR Road,Taramani
Electronic mail address companysecretary.india@pearson.com
City Chennai
Postal code 600113
300 ## - PHYSICAL DESCRIPTION
Extent 22p.
Dimensions 24cm(pbk)
942 ## - ADDED ENTRY ELEMENTS (KOHA)
Source of classification or shelving scheme Dewey Decimal Classification
Item type English Books
Classification part 570
Call number suffix PRA
Holdings
Withdrawn status Lost status Not for loan Collection code Home library Current library Date acquired Source of acquisition Cost, normal purchase price Full call number Barcode Copy number Koha item type
      Non-fiction Katevara Katevara 16/03/2023 DBAD/PUB 700.00 570 PRA EN-119971 1 English Books

© Delhi Public Library
Hit Counter
free hit counter